[Event "Paracin Winter GM"]
[Site "Paracin SRB"]
[Date "2019.02.05"]
[Round "8.3"]
[White "Yang, Kaiqi"]
[Black "Mendonca, Leon Luke"]
[Result "1-0"]
[WhiteElo "2448"]
[BlackElo "2350"]
[PlyCount "69"]
[EventDate "2019.01.31"]
[EventType "tourn"]
[EventRounds "9"]
[EventCountry "YUG"]
[EventCategory "6"]
[Source "ChessMix"]
[SourceDate "2019.02.10"]

1. d4 $146 (1. Nf3 Nf6 2. c4 g6 3. g3 Bg7 4. Bg2 O-O 5. O-O d6 6. d4 Nc6 {
1/2-1/2 (31) Erdos,V (2628)-Amin, B (2680) Tbilisi 2017}) ({Predecessor:} 1.
Nf3 Nf6 2. c4 g6 3. Nc3 Bg7 4. g3 O-O 5. Bg2 d6 {
1-0 (45) Fries,F (2170)-Bachstein,D (2083) Forchheim 2014}) 1... Nf6 2. c4 g6
3. Nc3 Bg7 4. g3 O-O 5. Bg2 d6 6. Nf3 Nc6 7. O-O a6 8. Qd3 e5 9. dxe5 {
E63: King's Indian: Fianchetto: Panno Variation with 7...a6} dxe5 10. Qxd8 Rxd8
11. Bg5 {White has an edge.} Re8 12. Nd2 Be6 (12... Nd4 $11 {remains equal.}) (
12... Nd4 13. Rfd1 Ne6 14. Bxf6 Bxf6 15. Rac1 Kg7 16. c5 Nxc5 {
1/2-1/2 (31) Erdos,V (2628)-Amin,B (2680) Tbilisi 2017}) ({Predecessor:} 12...
h6 13. Bxf6 Bxf6 14. Rfd1 {
1-0 (45) Fries,F (2170)-Bachstein,D (2083) Forchheim 2014}) 13. Rfd1 (13. Nd5
$16 Bxd5 14. cxd5) 13... h6 14. Bxf6 Bxf6 15. Nd5 ({Predecessor:} 15. Nde4 Be7
16. Nd5 Bxd5 17. cxd5 {
1-0 (45) Fries,F (2170)-Bachstein,D (2083) Forchheim 2014}) 15... Bxd5 (15...
Bd8 $11) 16. cxd5 $14 Nd4 17. e3 $36 {White is more active.} Nb5 18. Rac1 Re7
19. Ne4 Bg7 20. Rc2 Nd6 21. Rdc1 Nxe4 ({Black should try} 21... f5 $14) 22.
Bxe4 $16 f5 23. Bg2 e4 24. Rxc7 Rxc7 25. Rxc7 {Endgame KRB-KRB} Rd8 26. Rxb7
Rxd5 27. Bf1 Rd2 28. Bc4+ (28. Bxa6 $6 Rxb2 29. Bc4+ Kh8 $14) 28... Kh8 (28...
Kh7 $16 {was called for.} 29. b4 (29. Bxa6 Rxb2 30. Rxb2 Bxb2 $14) 29... h5)
29. Rb8+ $18 (29. Bxa6 Rxb2 30. Rxb2 Bxb2 $14) 29... Kh7 {[#]} 30. Bg8+ $1 (30.
Bxa6 Rxb2 31. Rxb2 Bxb2 $14) 30... Kh8 {[#]} 31. Bf7+ $1 Kh7 32. Rb6 {
Double Attack} Bxb2 (32... Rxb2 $142 33. Bxg6+ (33. Rxa6 Bc3 $18) 33... Kg8 34.
Rxa6 Bc3) 33. Bxg6+ {Double Attack. White has a decisive advantage.} Kg7 34.
Bxf5 Bc3 35. Rg6+ {Accuracy: White = 70%, Black = 47%.} ({Don't do} 35. Bxe4
Rxa2 36. Rg6+ Kf8) 1-0

[Event "Paracin Winter GM"]
[Site "Paracin SRB"]
[Date "2019.02.06"]
[Round "9.4"]
[White "Savic, Miodrag R"]
[Black "Yang, Kaiqi"]
[Result "1/2-1/2"]
[WhiteElo "2486"]
[BlackElo "2448"]
[PlyCount "20"]
[EventDate "2019.01.31"]
[EventType "tourn"]
[EventRounds "9"]
[EventCountry "YUG"]
[EventCategory "6"]
[Source "ChessMix"]
[SourceDate "2019.02.10"]

1. e4 c6 2. d3 d5 3. Nd2 dxe4 $146 ({Predecessor:} 3... Nf6 4. Ngf3 dxe4 {
1/2-1/2 (61) Savic,M (2541)-Gukesh,D (2433) Paracin 2018}) 4. dxe4 Nf6 5. Ngf3
Bg4 6. Bc4 {B10: Caro-Kann:  d3 and 2 c4 [%emt 0:00:02]} (6. e5 $14 Nd5 7. h3)
6... e6 $11 7. O-O Nbd7 8. h3 Bxf3 ({Predecessor:} 8... Bh5 9. Qe1 Bc5 10. a3
a5 11. b3 O-O 12. Bb2 Qc7 13. Bd3 e5 {
1/2-1/2 (61) Savic,M (2541)-Gukesh,D (2433) Paracin 2018}) 9. Qxf3 Qc7 10. Qe2
Bd6 1/2-1/2

[Event "Third Saturday 102"]
[Site "Novi Sad SRB"]
[Date "2019.01.19"]
[Round "1.2"]
[White "Yang, Kaiqi"]
[Black "Mirzoev, Emil"]
[Result "1/2-1/2"]
[WhiteElo "2448"]
[BlackElo "2476"]
[PlyCount "68"]
[EventDate "2019.01.19"]
[EventType "tourn"]
[EventRounds "11"]
[EventCountry "YUG"]
[EventCategory "6"]
[Source "ChessMix"]
[SourceDate "2019.02.01"]

1. Nf3 c5 2. c4 Nc6 3. Nc3 g6 4. e3 Bg7 5. d4 d6 6. d5 Ne5 7. Nxe5 Bxe5 8. f4
Bxc3+ 9. bxc3 Qa5 10. Qc2 Bf5 11. Bd3 Bxd3 12. Qxd3 f5 13. e4 fxe4 14. Qh3 Qa6
15. O-O Qxc4 16. f5 Qd3 17. Be3 Qxc3 18. Rab1 b6 19. Rb3 Qg7 20. Bc1 Nf6 21.
Bb2 O-O-O 22. a4 Kc7 23. a5 gxf5 24. axb6+ axb6 25. Rxb6 Kxb6 26. Qb3+ Kc7 27.
Qa4 Rd7 28. Bc3 Kb8 29. Rb1+ Rb7 30. Rxb7+ Kxb7 31. Qc6+ Kb8 32. Qb6+ Ka8 33.
Qa6+ Kb8 34. Qb6+ Ka8 1/2-1/2

[Event "Third Saturday 102"]
[Site "Novi Sad SRB"]
[Date "2019.01.20"]
[Round "2.6"]
[White "Pratyusha, Bodda"]
[Black "Yang, Kaiqi"]
[Result "0-1"]
[WhiteElo "2278"]
[BlackElo "2448"]
[PlyCount "92"]
[EventDate "2019.01.19"]
[EventType "tourn"]
[EventRounds "11"]
[EventCountry "YUG"]
[EventCategory "6"]
[Source "ChessMix"]
[SourceDate "2019.02.01"]

1. d4 Nf6 2. c4 e6 3. Nc3 Bb4 4. Qc2 O-O 5. Nf3 d5 6. cxd5 exd5 7. Bf4 c5 8. e3
c4 9. Be2 Nc6 10. O-O Ne7 11. Ne5 Bf5 12. Qc1 h6 13. Bg3 Bxc3 14. bxc3 Ne4 15.
Qb2 Qb6 16. Qa3 Qe6 17. Rfc1 Nc8 18. Nf3 Nxg3 19. hxg3 Nd6 20. Nd2 Rfd8 21. Bf3
Bd3 22. Qc5 Ne4 23. Bxe4 dxe4 24. a4 Rd5 25. Qb4 Qc6 26. f3 f5 27. f4 Rb8 28.
Ra2 b6 29. Rca1 Rc8 30. a5 b5 31. a6 Kf7 32. Rb2 Rb8 33. Kf2 Rb6 34. Qa3 Rd6
35. Qc5 Qxc5 36. dxc5 Rxa6 37. Rxa6 Rxa6 38. Rxb5 Ke6 39. c6 Kd6 40. c7 Kxc7
41. Rxf5 Ra2 42. Ke1 Ra1+ 43. Kf2 Rd1 44. Rf7+ Kd6 45. Rxa7 Rxd2+ 46. Kg1 Re2
0-1

[Event "Third Saturday 102"]
[Site "Novi Sad SRB"]
[Date "2019.01.20"]
[Round "3.1"]
[White "Yang, Kaiqi"]
[Black "Popchev, Milko"]
[Result "1-0"]
[WhiteElo "2448"]
[BlackElo "2251"]
[PlyCount "49"]
[EventDate "2019.01.19"]
[EventType "tourn"]
[EventRounds "11"]
[EventCountry "YUG"]
[EventCategory "6"]
[Source "ChessMix"]
[SourceDate "2019.02.01"]

1. Nf3 b6 2. e4 e6 3. d4 Bb7 4. Bd3 Nf6 5. Nc3 Be7 6. e5 Nd5 7. Nxd5 Bxd5 8.
O-O f5 9. exf6 Bxf6 10. c4 Bxf3 11. Qxf3 Nc6 12. d5 Nd4 13. Qe4 c5 14. Be3 Kf7
15. Rae1 Qe7 16. Qg4 Rae8 17. Bf4 Qd8 18. Bd6 g6 19. Qh3 Kg7 20. Re3 e5 21.
Rfe1 e4 22. Bxe4 Be5 23. Bxe5+ Rxe5 24. Bd3 Rxe3 25. fxe3 1-0

[Event "Third Saturday 102"]
[Site "Novi Sad SRB"]
[Date "2019.01.21"]
[Round "4.6"]
[White "Yang, Kaiqi"]
[Black "Zhang, Ziji"]
[Result "1/2-1/2"]
[WhiteElo "2448"]
[BlackElo "2387"]
[PlyCount "77"]
[EventDate "2019.01.19"]
[EventType "tourn"]
[EventRounds "11"]
[EventCountry "YUG"]
[EventCategory "6"]
[Source "ChessMix"]
[SourceDate "2019.02.01"]

1. c4 c6 2. Nf3 Nf6 3. Nc3 d5 4. e3 a6 5. b3 Bf5 6. Bb2 e6 7. Be2 h6 8. O-O
Nbd7 9. d3 Bh7 10. Re1 Bd6 11. cxd5 cxd5 12. e4 O-O 13. exd5 exd5 14. Bf1 Rc8
15. a3 Re8 16. Rxe8+ Qxe8 17. Ne2 Ne5 18. Ned4 Qd7 19. Qd2 Re8 20. h3 Nh5 21.
g3 Bf5 22. Nxe5 Bxe5 23. Nxf5 Qxf5 24. Re1 Nf6 25. g4 Qf4 26. Qxf4 Bxf4 27.
Rxe8+ Nxe8 28. Bg2 Nc7 29. Bd4 Kf8 30. Kf1 g6 31. Bb6 Ke7 32. Ke2 Ke6 33. a4
Ne8 34. h4 Kd6 35. d4 Ng7 36. Bc5+ Kc6 37. Be7 Ne6 38. Bf6 Bc7 39. Ke3 1/2-1/2

[Event "Third Saturday 102"]
[Site "Novi Sad SRB"]
[Date "2019.01.21"]
[Round "5.2"]
[White "Drazic, Sinisa"]
[Black "Yang, Kaiqi"]
[Result "0-1"]
[WhiteElo "2423"]
[BlackElo "2448"]
[PlyCount "52"]
[EventDate "2019.01.19"]
[EventType "tourn"]
[EventRounds "11"]
[EventCountry "YUG"]
[EventCategory "6"]
[Source "ChessMix"]
[SourceDate "2019.02.01"]

1. d4 Nf6 2. c4 g6 3. Nc3 d5 4. cxd5 Nxd5 5. e4 Nxc3 6. bxc3 Bg7 7. Be3 c5 8.
Qd2 Qa5 9. Rc1 O-O 10. Nf3 Rd8 11. d5 e6 12. c4 Qxd2+ 13. Nxd2 Na6 14. Be2 b6
15. O-O Nb4 16. a3 Na2 17. Rc2 Nc3 18. Bd3 Ba6 19. Rfc1 exd5 20. Rxc3 Bxc3 21.
exd5 Bd4 22. Bxd4 cxd4 23. Nf3 Rac8 24. Rc2 b5 25. Nxd4 bxc4 26. Be4 Bb7 0-1

[Event "Third Saturday 102"]
[Site "Novi Sad SRB"]
[Date "2019.01.22"]
[Round "6.5"]
[White "Yang, Kaiqi"]
[Black "Thilakarathne, GM Harshana"]
[Result "1-0"]
[WhiteElo "2448"]
[BlackElo "2435"]
[PlyCount "65"]
[EventDate "2019.01.19"]
[EventType "tourn"]
[EventRounds "11"]
[EventCountry "YUG"]
[EventCategory "6"]
[Source "ChessMix"]
[SourceDate "2019.02.01"]

1. c4 e6 2. Nc3 d5 3. d4 Bb4 4. e3 Nf6 5. a3 Bxc3+ 6. bxc3 c6 7. Bd3 b6 8. cxd5
cxd5 9. Qa4+ Bd7 10. Qc2 Nc6 11. a4 e5 12. Ba3 e4 13. Ba6 Na5 14. Nh3 Bc8 15.
Bb5+ Bd7 16. Ba6 Bc8 17. Be2 Bg4 18. f3 exf3 19. Bb5+ Bd7 20. Ba6 Nc4 21. Bxc4
dxc4 22. Ng5 Bc6 23. Nxf3 Be4 24. Qa2 Bd3 25. Ne5 Ne4 26. Nxd3 cxd3 27. O-O Qd7
28. Qc4 d2 29. Rxf7 Rc8 30. Re7+ Qxe7 31. Qxc8+ Kf7 32. Qf5+ Qf6 33. Qxe4 1-0

[Event "Third Saturday 102"]
[Site "Novi Sad SRB"]
[Date "2019.01.22"]
[Round "7.3"]
[White "Fenil, Shah"]
[Black "Yang, Kaiqi"]
[Result "1/2-1/2"]
[WhiteElo "2400"]
[BlackElo "2448"]
[PlyCount "69"]
[EventDate "2019.01.19"]
[EventType "tourn"]
[EventRounds "11"]
[EventCountry "YUG"]
[EventCategory "6"]
[Source "ChessMix"]
[SourceDate "2019.02.01"]

1. e4 e5 2. Nf3 Nc6 3. Bc4 Bc5 4. c3 Nf6 5. d3 d6 6. O-O O-O 7. h3 h6 8. Re1 a6
9. Bb3 Re8 10. Nbd2 Be6 11. Nf1 d5 12. exd5 Bxd5 13. Bc2 b5 14. Ng3 Bf8 15. Be3
Qd7 16. Ne4 Nh7 17. Nc5 Bxc5 18. Bxc5 Rad8 19. a4 Re6 20. Nh4 Ne7 21. axb5 axb5
22. d4 e4 23. f3 Nf6 24. fxe4 Nxe4 25. Bxe7 Qxe7 26. Nf5 Qg5 27. Qg4 Rde8 28.
Qxg5 hxg5 29. Bd3 g6 30. Nh6+ Kg7 31. Ng4 c6 32. Ra7 R6e7 33. Rea1 f6 34. Ne3
Bf7 35. Nc2 1/2-1/2

[Event "Third Saturday 102"]
[Site "Novi Sad SRB"]
[Date "2019.01.23"]
[Round "8.4"]
[White "Yang, Kaiqi"]
[Black "Sharavdorj, Dashzegve"]
[Result "1-0"]
[WhiteElo "2448"]
[BlackElo "2404"]
[PlyCount "67"]
[EventDate "2019.01.19"]
[EventType "tourn"]
[EventRounds "11"]
[EventCountry "YUG"]
[EventCategory "6"]
[Source "ChessMix"]
[SourceDate "2019.02.01"]

1. c4 Nf6 2. Nf3 g6 3. g3 Bg7 4. Bg2 O-O 5. Nc3 d6 6. d4 c6 7. O-O Qa5 8. e4
Bg4 9. h3 Bxf3 10. Bxf3 e5 11. Be3 Nbd7 12. d5 cxd5 13. cxd5 a6 14. a3 Rfc8 15.
b4 Qd8 16. Qb3 Nb6 17. Be2 Rxc3 18. Qxc3 Nxe4 19. Qb3 f5 20. Rac1 Nd7 21. Rc4
h5 22. Bf3 Ng5 23. Bxg5 Qxg5 24. h4 Qd8 25. Rfc1 e4 26. Be2 Ne5 27. Rc7 Bh6 28.
R1c2 b5 29. Rb7 Qf6 30. Qc3 Rf8 31. Qc7 Nf7 32. Qe7 Qa1+ 33. Kg2 Bg7 34. Qe6
1-0

[Event "Third Saturday 102"]
[Site "Novi Sad SRB"]
[Date "2019.01.23"]
[Round "9.4"]
[White "Agibileg, Uurtsaikh"]
[Black "Yang, Kaiqi"]
[Result "1-0"]
[WhiteElo "2324"]
[BlackElo "2448"]
[PlyCount "69"]
[EventDate "2019.01.19"]
[EventType "tourn"]
[EventRounds "11"]
[EventCountry "YUG"]
[EventCategory "6"]
[Source "ChessMix"]
[SourceDate "2019.02.01"]

1. d4 Nf6 2. c4 g6 3. Nc3 d5 4. cxd5 Nxd5 5. e4 Nxc3 6. bxc3 Bg7 7. Nf3 c5 8.
h3 O-O 9. Be2 Nc6 10. Be3 cxd4 11. cxd4 Qa5+ 12. Bd2 Qa3 13. d5 Ne5 14. Nxe5
Bxe5 15. O-O b6 16. Rb1 Qxa2 17. Bb4 Bd6 18. Bb5 Bxb4 19. Rxb4 Bb7 20. Qd3 Rfc8
21. Bc4 Rxc4 22. Rxc4 Ba6 23. Rfc1 Bxc4 24. Rxc4 Qa1+ 25. Kh2 Qe5+ 26. g3 Rd8
27. Qa3 a5 28. Qb3 Qb8 29. Qb5 e6 30. dxe6 fxe6 31. Rc6 Rd2 32. Kg2 Qb7 33. Qc4
Rd8 34. Rc7 Qa8 35. Qxe6+ 1-0

[Event "Third Saturday 102"]
[Site "Novi Sad SRB"]
[Date "2019.01.24"]
[Round "10.3"]
[White "Yang, Kaiqi"]
[Black "Naumkin, Igor"]
[Result "1-0"]
[WhiteElo "2448"]
[BlackElo "2418"]
[PlyCount "59"]
[EventDate "2019.01.19"]
[EventType "tourn"]
[EventRounds "11"]
[EventCountry "YUG"]
[EventCategory "6"]
[Source "ChessMix"]
[SourceDate "2019.02.01"]

1. d4 Nf6 2. c4 e6 3. Nf3 b6 4. g3 Bb7 5. Bg2 Be7 6. O-O O-O 7. Nc3 d5 8. cxd5
exd5 9. Bf4 Na6 10. Rc1 c5 11. Ne5 h6 12. Qa4 Nc7 13. dxc5 bxc5 14. Nc6 Qe8 15.
Nxe7+ Qxe7 16. Bxc7 Qxc7 17. b4 c4 18. Rfd1 Rfd8 19. Rd4 a5 20. b5 Qc5 21. Qd1
Rd7 22. a4 Rad8 23. Qd2 Kf8 24. Rd1 Kg8 25. Bh3 Rd6 26. e4 Nd7 27. exd5 Ne5 28.
Bg2 f5 29. Qe3 Ng4 30. Qf4 1-0

[Event "Third Saturday 102"]
[Site "Novi Sad SRB"]
[Date "2019.01.24"]
[Round "11.5"]
[White "Xiang, Zeyu"]
[Black "Yang, Kaiqi"]
[Result "0-1"]
[WhiteElo "2440"]
[BlackElo "2448"]
[PlyCount "66"]
[EventDate "2019.01.19"]
[EventType "tourn"]
[EventRounds "11"]
[EventCountry "YUG"]
[EventCategory "6"]
[Source "ChessMix"]
[SourceDate "2019.02.01"]

1. d4 Nf6 2. c4 e6 3. Nc3 Bb4 4. Qc2 O-O 5. a3 Bxc3+ 6. Qxc3 d5 7. Nf3 dxc4 8.
Qxc4 b6 9. Bg5 Ba6 10. Qa4 Qd7 11. Qc2 c5 12. dxc5 Qc6 13. e3 Bxf1 14. Kxf1
Nbd7 15. Nd4 Qxc5 16. Qxc5 bxc5 17. Nc6 a5 18. Bf4 Nd5 19. Ne5 N7b6 20. Bg3 f6
21. Nf3 e5 22. Ke2 Na4 23. b3 Nac3+ 24. Kd2 e4 25. Ne1 Rfd8 26. Nc2 Ra7 27. b4
cxb4 28. axb4 Nxb4+ 29. Kxc3 Rc8+ 30. Kb2 Nxc2 31. Ra4 Rb7+ 32. Ka2 Nb4+ 33.
Ka1 Rc4 0-1

[Event "Third Saturday 97"]
[Site "Novi Sad SRB"]
[Date "2019.01.14"]
[Round "1.3"]
[White "Yang, Kaiqi"]
[Black "Pratyusha, Bodda"]
[Result "1-0"]
[WhiteElo "2448"]
[BlackElo "2278"]
[PlyCount "73"]
[EventDate "2019.01.14"]
[EventType "tourn"]
[EventRounds "9"]
[EventCountry "YUG"]
[Source "ChessMix"]
[SourceDate "2019.02.01"]

1. c4 e5 2. Nc3 Nf6 3. Nf3 Nc6 4. g3 Bb4 5. Nd5 e4 6. Nh4 O-O 7. Bg2 d6 8. Nxb4
Nxb4 9. a3 Nc6 10. d3 exd3 11. Qxd3 Be6 12. b3 a5 13. Bb2 a4 14. b4 Ne5 15.
Bxe5 dxe5 16. Bxb7 e4 17. Qxd8 Raxd8 18. c5 Bb3 19. Nf5 Rfe8 20. e3 Ng4 21. Nd4
Ne5 22. Ke2 Bc4+ 23. Kd2 Ng4 24. Bc6 Rf8 25. Ke1 Ne5 26. Bxe4 Rfe8 27. Kd2 Ng4
28. Bc6 Rxd4+ 29. exd4 Re2+ 30. Kc3 Bb3 31. Rac1 Ra2 32. Rhe1 g6 33. b5 Rxa3
34. Kb4 Ra2 35. b6 cxb6 36. cxb6 Rb2 37. Rb1 1-0

[Event "Third Saturday 97"]
[Site "Novi Sad SRB"]
[Date "2019.01.15"]
[Round "3.2"]
[White "Yang, Kaiqi"]
[Black "Agibileg, Uurtsaikh"]
[Result "1-0"]
[WhiteElo "2448"]
[BlackElo "2324"]
[PlyCount "53"]
[EventDate "2019.01.14"]
[EventType "tourn"]
[EventRounds "9"]
[EventCountry "YUG"]
[Source "ChessMix"]
[SourceDate "2019.02.01"]

1. c4 Nf6 2. Nf3 g6 3. g3 Bg7 4. Bg2 O-O 5. Nc3 d6 6. d4 Nc6 7. O-O a6 8. Bf4
Rb8 9. Rc1 b5 10. d5 Na5 11. cxb5 axb5 12. b4 Nc4 13. Qb3 Qe8 14. a4 e6 15.
Nxb5 exd5 16. Nxc7 Qxe2 17. Rfe1 Qb2 18. Qxb2 Nxb2 19. Bxd6 Nd3 20. Bxf8 Bxf8
21. b5 Nxe1 22. Nxe1 Ba3 23. Rd1 Bg4 24. Bf3 Bd7 25. Nxd5 Nxd5 26. Bxd5 Bf5 27.
Nf3 1-0

[Event "Third Saturday 97"]
[Site "Novi Sad SRB"]
[Date "2019.01.15"]
[Round "4.5"]
[White "Kosanovic, Goran"]
[Black "Yang, Kaiqi"]
[Result "0-1"]
[WhiteElo "2320"]
[BlackElo "2448"]
[PlyCount "35"]
[EventDate "2019.01.14"]
[EventType "tourn"]
[EventRounds "9"]
[EventCountry "YUG"]
[Source "ChessMix"]
[SourceDate "2019.02.01"]

1. e4 c5 2. Nf3 Nc6 3. Nc3 d6 4. d4 cxd4 5. Nxd4 Nf6 6. Bc4 e6 7. Be3 Be7 8.
Qe2 a6 9. Bb3 Qc7 10. O-O-O Na5 11. g4 b5 12. g5 Nxb3+ 13. axb3 Nd7 14. Nf5
exf5 15. Nd5 Qd8 16. exf5 Bb7 17. f6 gxf6 18. gxf6 {Mobille..} 0-1

[Event "Third Saturday 97"]
[Site "Novi Sad SRB"]
[Date "2019.01.16"]
[Round "5.1"]
[White "Yang, Kaiqi"]
[Black "Mirzoev, Emil"]
[Result "1/2-1/2"]
[WhiteElo "2448"]
[BlackElo "2476"]
[PlyCount "21"]
[EventDate "2019.01.14"]
[EventType "tourn"]
[EventRounds "9"]
[EventCountry "YUG"]
[Source "ChessMix"]
[SourceDate "2019.02.01"]

1. d4 d6 2. e4 e5 3. Nf3 Nf6 4. Nc3 Nbd7 5. Bc4 Be7 6. O-O O-O 7. Re1 c6 8. a4
a5 9. h3 Qc7 10. Ba2 Re8 11. Be3 1/2-1/2

[Event "Third Saturday 97"]
[Site "Novi Sad SRB"]
[Date "2019.01.16"]
[Round "6.5"]
[White "Yang, Kaiqi"]
[Black "Flom, Gabriel"]
[Result "1-0"]
[WhiteElo "2448"]
[BlackElo "2467"]
[PlyCount "85"]
[EventDate "2019.01.14"]
[EventType "tourn"]
[EventRounds "9"]
[EventCountry "YUG"]
[Source "ChessMix"]
[SourceDate "2019.02.01"]

1. c4 e6 2. g3 d5 3. Bg2 d4 4. Nf3 c5 5. O-O Nc6 6. e3 Nf6 7. exd4 cxd4 8. d3
Bd6 9. Bg5 h6 10. Bxf6 Qxf6 11. Nbd2 Qe7 12. Re1 O-O 13. a3 a5 14. Nh4 Bc7 15.
Rc1 a4 16. c5 Rd8 17. Nc4 Bd7 18. Qh5 Na5 19. Nf5 Qf6 20. Nfd6 Nb3 21. Rc2 Bc6
22. Nxb7 Bxg2 23. Kxg2 Rd5 24. Qf3 Qxf3+ 25. Kxf3 Nxc5 26. Nxc5 Rxc5 27. Rec1
Rf5+ 28. Ke2 Kh7 29. Nd2 Re5+ 30. Kf1 Bb6 31. Rc8 Rxc8 32. Rxc8 Ba5 33. Nc4
Re1+ 34. Kg2 Rc1 35. Rf8 Be1 36. Rxf7 Rc2 37. Kf1 Bd2 38. Ra7 Bc1 39. Rxa4 e5
40. Nxe5 Bxb2 41. Rc4 Rd2 42. a4 Bc3 43. Nf3 1-0

[Event "Third Saturday 97"]
[Site "Novi Sad SRB"]
[Date "2019.01.17"]
[Round "7.2"]
[White "Mendonca, Leon Luke"]
[Black "Yang, Kaiqi"]
[Result "1/2-1/2"]
[WhiteElo "2350"]
[BlackElo "2448"]
[PlyCount "81"]
[EventDate "2019.01.14"]
[EventType "tourn"]
[EventRounds "9"]
[EventCountry "YUG"]
[Source "ChessMix"]
[SourceDate "2019.02.01"]

1. d4 Nf6 2. c4 e6 3. g3 d5 4. Nf3 Bb4+ 5. Bd2 Be7 6. Bg2 c6 7. Qc2 b6 8. O-O
Ba6 9. cxd5 cxd5 10. Bf4 O-O 11. Rc1 Nbd7 12. Nc3 Nh5 13. Qa4 Bb7 14. Bc7 Qxc7
15. Nxd5 Qd6 16. Nxe7+ Qxe7 17. Rc7 Bxf3 18. Rxd7 Qe8 19. Bxf3 Nf6 20. Bxa8
Qxd7 21. Qxd7 Nxd7 22. Bc6 Nf6 23. Bb7 Rd8 24. Rc1 Kf8 25. e3 g5 26. Rc7 Rd7
27. Rxd7 Nxd7 28. g4 Ke7 29. Kf1 Kd6 30. Ke2 Nf6 31. Bf3 e5 32. dxe5+ Kxe5 33.
Kd3 Ne8 34. Bg2 Nd6 35. Bc6 h6 36. Bf3 f6 37. Bc6 Nf7 38. Be8 Nd6 39. Bc6 Nf7
40. Be8 Nd6 41. Bc6 1/2-1/2

[Event "Third Saturday 97"]
[Site "Novi Sad SRB"]
[Date "2019.01.17"]
[Round "8.4"]
[White "Yang, Kaiqi"]
[Black "Thilakarathne, GM Harshana"]
[Result "1/2-1/2"]
[WhiteElo "2448"]
[BlackElo "2435"]
[PlyCount "80"]
[EventDate "2019.01.14"]
[EventType "tourn"]
[EventRounds "9"]
[EventCountry "YUG"]
[Source "ChessMix"]
[SourceDate "2019.02.01"]

1. Nf3 Nf6 2. c4 e6 3. g3 d5 4. Bg2 Be7 5. d4 O-O 6. Nc3 c6 7. O-O Nbd7 8. Nd2
b5 9. cxb5 cxb5 10. Nxb5 Qb6 11. Qa4 Bb7 12. Nc3 Bc6 13. Qc2 Qxd4 14. Nb3 Qb6
15. Be3 Qa6 16. Nd4 Bb7 17. Qa4 Rfc8 18. Qxa6 Bxa6 19. Rfc1 Ng4 20. Bd2 Bc5 21.
e3 Nge5 22. Na4 Nc4 23. Be1 Bf8 24. Rc2 Nce5 25. Rac1 Nd3 26. Rxc8 Bxc8 27. Rd1
Nxe1 28. Rxe1 Bb7 29. Rc1 Rc8 30. Rxc8 Bxc8 31. Nc6 a6 32. Bf1 f6 33. Nd8 Nb8
34. Nb6 Be7 35. Nxc8 Bxd8 36. Nd6 Kf8 37. Nb7 Bb6 38. a4 a5 39. Nd6 Bc5 40. Nb5
Nc6 1/2-1/2

[Event "Third Saturday 97"]
[Site "Novi Sad SRB"]
[Date "2019.01.18"]
[Round "9.3"]
[White "Sharavdorj, Dashzegve"]
[Black "Yang, Kaiqi"]
[Result "1-0"]
[WhiteElo "2404"]
[BlackElo "2448"]
[PlyCount "113"]
[EventDate "2019.01.14"]
[EventType "tourn"]
[EventRounds "9"]
[EventCountry "YUG"]
[Source "ChessMix"]
[SourceDate "2019.02.01"]

1. d4 Nf6 2. c4 e6 3. Nf3 d5 4. Nc3 Nbd7 5. cxd5 exd5 6. Bg5 c6 7. e3 Be7 8.
Qc2 Nh5 9. Bxe7 Qxe7 10. O-O-O Nb6 11. h3 Be6 12. Bd3 O-O-O 13. Kb1 Kb8 14. Na4
Nxa4 15. Qxa4 Nf6 16. Rc1 Nd7 17. Rc3 Nb6 18. Qc2 g6 19. Ka1 f6 20. Rc1 g5 21.
Nd2 Rc8 22. Ra3 Rc7 23. Nb3 Bc8 24. Nc5 Nd7 25. Qa4 b6 26. Na6+ Bxa6 27. Bxa6
b5 28. Qc2 Nb6 29. Rc3 Nc4 30. b3 b4 31. Rd3 Na3 32. Qc5 Qxc5 33. Rxc5 Ka8 34.
Rd1 Rb8 35. Rdc1 Rb6 36. Bd3 Kb8 37. g4 h6 38. Kb2 Nb5 39. Bxb5 Rxb5 40. Rxc6
Rf7 41. R1c2 Kb7 42. Rd6 Ra5 43. Rcc6 f5 44. Rf6 Rxf6 45. Rxf6 fxg4 46. hxg4
Ra6 47. Rxa6 Kxa6 48. Kc2 Kb5 49. Kd3 Kc6 50. e4 Kd6 51. exd5 Kxd5 52. Ke3 a6
53. Kd3 a5 54. f3 Kd6 55. Ke4 Ke6 56. d5+ Kd6 57. Kd4 1-0

[Event "Markham op"]
[Site "Markham CAN"]
[Date "2018.10.05"]
[Round "1"]
[White "Yang, Kaiqi"]
[Black "Barron, Michael"]
[Result "1-0"]
[WhiteElo "2476"]
[BlackElo "2296"]
[PlyCount "77"]
[EventDate "2018.10.05"]
[EventType "swiss"]
[EventRounds "5"]
[EventCountry "CAN"]

1. e4 e5 2. Nf3 Nc6 3. Bb5 a6 4. Ba4 Nf6 5. O-O Be7 6. d3 b5 7. Bb3 d6 8. a4 b4
9. a5 O-O 10. Nbd2 Nd4 11. Nxd4 exd4 12. f4 d5 13. f5 Bb7 14. e5 Nd7 15. Nf3 c5
16. f6 gxf6 17. Bh6 fxe5 18. Nxd4 Kh8 19. Bxf8 Bxf8 20. Nf5 Qg5 21. Qf3 Nf6 22.
Nd6 Bxd6 23. Qxf6+ Qxf6 24. Rxf6 Rd8 25. Rxf7 Ba8 26. Ba4 c4 27. Kf1 Bc5 28.
Ke2 b3 29. dxc4 bxc2 30. Bxc2 e4 31. Rf5 Bd4 32. Rd1 dxc4 33. Rxd4 Rxd4 34.
Rf8+ Kg7 35. Rxa8 Rd5 36. Rxa6 Rb5 37. Bxe4 Rxb2+ 38. Ke3 c3 39. Rc6 1-0

[Event "Markham op"]
[Site "Markham CAN"]
[Date "2018.10.06"]
[Round "2"]
[White "Ivanov, Mike"]
[Black "Yang, Kaiqi"]
[Result "1-0"]
[WhiteElo "2357"]
[BlackElo "2476"]
[PlyCount "95"]
[EventDate "2018.10.05"]
[EventType "swiss"]
[EventRounds "5"]
[EventCountry "CAN"]

1. e4 e5 2. Nf3 Nc6 3. d4 exd4 4. Nxd4 Nf6 5. Nxc6 bxc6 6. Qe2 d6 7. Nc3 Be7 8.
b3 O-O 9. Bb2 a5 10. O-O-O Ba6 11. Qf3 Nd7 12. Bxa6 Rxa6 13. Qe2 Qc8 14. f4 Nc5
15. a4 Re8 16. Rhe1 Rb6 17. Qf2 Bf8 18. e5 dxe5 19. Rxe5 Rxe5 20. fxe5 Qe6 21.
Ne2 Rb8 22. Nd4 Qh6+ 23. Qd2 Qxh2 24. Qxa5 Qxe5 25. Nxc6 Qe3+ 26. Kb1 Rb6 27.
Qa8 h5 28. Rd8 Nxb3 29. Rxf8+ Kh7 30. Rh8+ Kg6 31. Ne5+ Kg5 32. Nxf7+ Kh4 33.
Qd8+ g5 34. cxb3 Rxb3 35. Nxg5 Qxg5 36. Qxg5+ Kxg5 37. Kc2 Rb4 38. a5 h4 39.
Bc3 Rb7 40. Kd3 Kg4 41. Kc4 Kg3 42. a6 Ra7 43. Kb5 Kxg2 44. Rxh4 Kg3 45. Rh8
Kf4 46. Bd4 c6+ 47. Kb6 Rd7 48. a7 1-0